The Immune system : (Record no. 36962)
[ view plain ]
| 000 -LEADER | |
|---|---|
| fixed length control field | 00967nam a2200301 i 4500 |
| 001 - CONTROL NUMBER | |
| control field | 36962 |
| 003 - CONTROL NUMBER IDENTIFIER | |
| rucl marc code | BD-RjUL |
| 005 - DATE AND TIME OF LATEST TRANSACTION | |
| control field | 20211209052549.0 |
| 008 - FIXED-LENGTH DATA ELEMENTS--GENERAL INFORMATION | |
| fixed length control field | 140924s1981 enkad b 001 0 eng |
| 020 ## - INTERNATIONAL STANDARD BOOK NUMBER | |
| International Standard Book Number | 0632006269 |
| 035 ## - SYSTEM CONTROL NUMBER | |
| System control number | (CStRLIN)NYCG85-B467 |
| System control number | (BD-RjUL)37064 |
| 040 ## - CATALOGING SOURCE | |
| Original cataloging agency | NmLaS |
| Transcribing agency | NmLaS |
| Modifying agency | CtY |
| -- | CtY |
| -- | NNC |
| -- | NNC |
| -- | BD-RjUL |
| Language of cataloging | eng |
| 041 ## - LANGUAGE CODE | |
| Language code of text/sound track or separate title | eng |
| 082 ## - DEWEY DECIMAL CLASSIFICATION NUMBER | |
| Classification number | 574.29 |
| Author mark and year | MCI 1985 |
| 100 1# - MAIN ENTRY--PERSONAL NAME | |
| Personal name | McConnell, Ian. |
| 9 (RLIN) | 112927 |
| 245 14 - TITLE STATEMENT | |
| Title | The Immune system : |
| Remainder of title | a course on the molecular and cellular basis of immunity / |
| Statement of responsibility, etc. | I. McConnell, A. Munro, H. Waldmann. |
| 250 ## - EDITION STATEMENT | |
| Edition statement | 2nd ed. |
| 260 ## - PUBLICATION, DISTRIBUTION, ETC. (IMPRINT) | |
| Place of publication, distribution, etc. | Oxford ; |
| -- | Boston : |
| Name of publisher, distributor, etc. | Blackwell Scientific Publications, |
| Date of publication, distribution, etc. | c1981. |
| 300 ## - PHYSICAL DESCRIPTION | |
| Pagination | xvii, 319 p. : |
| Illustrations | ill., charts ; |
| Size | 23 cm. |
| 504 ## - BIBLIOGRAPHY, ETC. NOTE | |
| Bibliography, etc | Includes bibliographies and index. |
| 650 #0 - SUBJECT ADDED ENTRY--TOPICAL TERM | |
| Topical term or geographic name as entry element | Immunology. |
| 9 (RLIN) | 112928 |
| Topical term or geographic name as entry element | Cellular immunity. |
| 9 (RLIN) | 112789 |
| 700 1# - ADDED ENTRY--PERSONAL NAME | |
| Personal name | Munro, A. |
| Personal name | Waldmann, H. |
| 942 ## - ADDED ENTRY ELEMENTS (KOHA) | |
| Source of classification or shelving scheme | Dewey Decimal Classification |
| Koha item type | Books |
| Lost status | Source of classification or shelving scheme | Damaged status | Not for loan | Collection code | Permanent Location | Current Location | Shelving location | Date acquired | Source of acquisition | Total Checkouts | Full call number | Date last seen | Copy number | Koha item type |
|---|---|---|---|---|---|---|---|---|---|---|---|---|---|---|
| Dewey Decimal Classification | Not For Loan | Non-fiction | Institute of Biological Sciences (IBSc) Library | Institute of Biological Sciences (IBSc) Library | 24/09/2014 | British council | 574.29 MCI 1985 | 24/09/2014 | C-1 | Books |